| 000 | 00443nam a22001697a 4500 | ||
|---|---|---|---|
| 003 | MPLRDC | ||
| 005 | 20220104124031.0 | ||
| 008 | 210129b ||||| |||| 00| 0 eng d | ||
| 082 | _a889 LMSJ v.114 | ||
| 100 | _a玛格丽特. 韦恩 | ||
| 245 |
_a痴情佳人 _c黄莉莉译 |
||
| 260 |
_a _b骏马文化公司 _c1983 |
||
| 300 | _b平 | ||
| 490 | _a罗曼史集. 114 | ||
| 650 | _a西洋小说之中文翻译 | ||
| 942 |
_cBK _o889 LMSJ v.114 |
||
| 999 |
_c16129 _d16119 |
||